Subaltern Studies: (Record no. 206746)

MARC details
000 -LEADER
fixed length control field 00599nam a22001937a 4500
005 - DATE AND TIME OF LATEST TRANSACTION
control field 20241025120309.0
010 ## - LCCN (DPL NO)
LC control number ENG-142372
020 ## - INTERNATIONAL STANDARD BOOK NUMBER
International Standard Book Number 9789354426575
Terms of availability 375.00
035 ## - SYSTEM CONTROL NUMBER
System control number EN-125904
037 ## - SOURCE OF ACQUISITION
Source of stock number/acquisition DBAD
082 ## - DEWEY DECIMAL CLASSIFICATION NUMBER
Classification number 954.08
Edition number 1
100 ## - MAIN ENTRY--PERSONAL NAME
Personal name Talapatra, Gargi
245 ## - TITLE STATEMENT
Title Subaltern Studies:
Remainder of title A Short Introduction/
Statement of responsibility, etc By Gargi Talapatra
250 ## - EDITION STATEMENT
Edition statement 1
260 ## - PUBLICATION, DISTRIBUTION, ETC. (IMPRINT)
Place of publication, distribution, etc Hyderabad
Name of publisher, distributor, etc Orient Blackswan Private Ltd
Date of publication, distribution, etc 2023
270 ## - ADDRESS
Address 3-6-752, Himayatnagar
City Hyderabad
Postal code 500029
Electronic mail address info@orintblackswan.com
300 ## - PHYSICAL DESCRIPTION
Extent xx,182p.
Dimensions 21cm(pb)
942 ## - ADDED ENTRY ELEMENTS (KOHA)
Source of classification or shelving scheme Dewey Decimal Classification
Item type English Books
Classification part 954.08
Call number suffix TAL
Holdings
Withdrawn status Lost status Not for loan Collection code Home library Current library Date acquired Source of acquisition Cost, normal purchase price Full call number Barcode Copy number Cost, replacement price Koha item type
      Non-fiction Central Library Central Library 25/10/2024 Delivery of Books Act Division 375.00 954.08 TAL EN-125904 1 375.00 English Books

© Delhi Public Library
Hit Counter
free hit counter